000 00954nam a2200253 i 4500
001 bg
245 0 0 _aFizyko-chemiczne i mikrobiologiczne zagrożenie środowiska przez odpady :
_bpraca zbiorowa /
_c[oprac. zespół aut.: Emilia Drzał et al.] ; Państwowa Inspekcja Ochrona Środowiska.
260 _aWarszawa :
_bPIOŚ,
_c1995.
300 _a224 s. :
_brys. ;
_c24 cm.
490 1 _aBiblioteka Monitoringu Środowiska / Państwowa Inspekcja Ochrony Środowiska
504 _aBibliogr. s. 221-224.
650 9 _aOdpady
_xbadanie
650 9 _aŚrodowisko człowieka
_xhigiena i ochrona
700 1 _aDRZAŁ, Emilia.
710 _aPAŃSTWOWA INSPEKCJA OCHRONY ŚRODOWISKA
830 0 _aBiblioteka Monitoringu Środowiska (Państwowa Inspekcja Ochrony Środowiska)
020 _a8385949992
040 _cBPK
041 0 _apl
080 _a628.4:504.05
920 _a83-85949-99-2
942 _cKS
008 s pl f |000 0 pol
999 _c30654
_d30654
856 _uhttp://koha.tu.koszalin.pl/cgi-bin/koha/opac-detail.pl?biblionumber=30654
_yKatalog online BPK